[Event "Rusia tch 2011"]
[Site "Olginka RUS"]
[Date "2011.04.20"]
[Round "8.62"]
[White "Sitnikov, Dmitrij"]
[Black "Giri, Anish"]
[Result "1-0"]
[WhiteElo "2470"]
[BlackElo "2690"]
[PlyCount "97"]
[EventDate "2011.04.12"]
[EventType "team"]
[EventRounds "11"]
[EventCountry "RUS"]
[Source "lmi"]
[SourceDate "2011.04.12"]
[WhiteTeamCountry "RUS"]
[BlackTeamCountry "RUS"]

1. e4 c5 2. Nf3 e6 3. d4 cxd4 4. Nxd4 d6 5. Nc3 a6 6. a4 b6 7. g3 Bb7 8. Bg2
Nf6 9. O-O Qc7 10. Re1 Be7 11. Be3 O-O 12. f4 Nbd7 13. Bf2 g6 14. h3 Rfe8 15.
e5 dxe5 16. fxe5 Nh5 17. Bxb7 Qxb7 18. Qf3 Qc7 19. g4 Ng7 20. Bg3 Qc4 21. Nc6
Rac8 22. Nxe7+ Rxe7 23. Rad1 Nc5 24. Rf1 Ne8 25. Bh4 Ra7 26. b3 Qb4 27. Be1 Qa3
28. Qf4 Rac7 29. Rf2 Nb7 30. Ne4 Qe7 31. Bb4 Qh4 32. Ng5 Qh6 33. c4 a5 34. Ba3
Rd8 35. Rxd8 Nxd8 36. Nxe6 Qxf4 37. Nxf4 Nc6 38. Nd5 Rd7 39. Rf6 Nxe5 40. Rxb6
Rd8 41. Kf2 f5 42. Re6 Nd7 43. g5 Rb8 44. Re7 Nf8 45. Nf6+ Nxf6 46. gxf6 Rb6
47. Rg7+ Kh8 48. Bb2 Rxb3 49. Be5 1-0

[Event "Rusia tch 2011"]
[Site "Olginka RUS"]
[Date "2011.04.20"]
[Round "8.63"]
[White "Riazantsev, Alexander"]
[Black "Pokazanjev, Nikolai"]
[Result "1-0"]
[WhiteElo "2679"]
[BlackElo "2423"]
[PlyCount "35"]
[EventDate "2011.04.12"]
[EventType "team"]
[EventRounds "11"]
[EventCountry "RUS"]
[Source "lmi"]
[SourceDate "2011.04.12"]
[WhiteTeamCountry "RUS"]
[BlackTeamCountry "RUS"]

1. d4 d5 2. c4 c6 3. Nc3 Nf6 4. e3 a6 5. Nf3 e6 6. b3 Bb4 7. Bd2 O-O 8. Bd3
Nbd7 9. O-O b5 10. Nxd5 Nxd5 11. cxd5 Bxd2 12. dxe6 Bc3 13. exd7 Bxd7 14. Bxh7+
Kh8 15. Rc1 b4 16. Bd3 c5 17. dxc5 Qe7 18. Nd2 1-0

[Event "Rusia tch 2011"]
[Site "Olginka RUS"]
[Date "2011.04.20"]
[Round "8.66"]
[White "Cheremnova, Tamara"]
[Black "Najer, Evgeniy"]
[Result "0-1"]
[WhiteElo "2221"]
[BlackElo "2638"]
[PlyCount "62"]
[EventDate "2011.04.12"]
[EventType "team"]
[EventRounds "11"]
[EventCountry "RUS"]
[Source "lmi"]
[SourceDate "2011.04.12"]
[WhiteTeam "Rusia"]
[WhiteTeamCountry "RUS"]
[BlackTeamCountry "RUS"]

1. d4 d5 2. c4 c6 3. Nc3 dxc4 4. e3 b5 5. Nxb5 cxb5 6. Qf3 Qc7 7. Qxa8 Bb7 8.
Qxa7 e5 9. Bxc4 Bb4+ 10. Bd2 Bxd2+ 11. Kxd2 bxc4 12. Nf3 Nf6 13. Rhc1 exd4 14.
Qxd4 Qa5+ 15. Ke2 O-O 16. Kf1 Nbd7 17. Kg1 Bxf3 18. gxf3 Ne5 19. Kg2 Re8 20.
Rc3 Qa8 21. e4 h6 22. Rg1 Kh7 23. Ra3 Qb8 24. f4 Ng6 25. e5 Nh5 26. f5 Ngf4+
27. Kh1 Rxe5 28. f6 Ne2 29. Qxc4 Qb7+ 30. f3 Nxg1 31. Kxg1 Qxb2 0-1

[Event "Rusia tch 2011"]
[Site "Olginka RUS"]
[Date "2011.04.21"]
[Round "9.12"]
[White "Malakhov, Vladimir"]
[Black "Sitnikov, Dmitrij"]
[Result "1-0"]
[WhiteElo "2714"]
[BlackElo "2470"]
[PlyCount "55"]
[EventDate "2011.04.12"]
[EventType "team"]
[EventRounds "11"]
[EventCountry "RUS"]
[Source "lmi"]
[SourceDate "2011.04.12"]
[WhiteTeamCountry "RUS"]
[BlackTeamCountry "RUS"]

1. e4 c5 2. Nf3 Nc6 3. Bb5 d6 4. O-O Bd7 5. Re1 Nf6 6. c3 a6 7. Ba4 b5 8. Bc2
e5 9. h3 Be7 10. d4 cxd4 11. cxd4 O-O 12. Nc3 Re8 13. Be3 exd4 14. Nxd4 Ne5 15.
Bb3 Rc8 16. a4 bxa4 17. Bxa4 Nc4 18. Bc1 Bxa4 19. Rxa4 d5 20. e5 Bc5 21. Nf3
Qb6 22. exf6 Bxf2+ 23. Kh1 Bxe1 24. Nxd5 Rcd8 25. Ne7+ Kh8 26. fxg7+ Kxg7 27.
Qxe1 Rxe7 28. Qxe7 1-0

[Event "Rusia tch 2011"]
[Site "Olginka RUS"]
[Date "2011.04.21"]
[Round "9.15"]
[White "Kljucharev, Sergey"]
[Black "Pridorozhni, Aleksei"]
[Result "1-0"]
[WhiteElo "2375"]
[BlackElo "2542"]
[PlyCount "87"]
[EventDate "2011.04.12"]
[EventType "team"]
[EventRounds "11"]
[EventCountry "RUS"]
[Source "lmi"]
[SourceDate "2011.04.12"]
[WhiteTeamCountry "RUS"]
[BlackTeamCountry "RUS"]

1. Nf3 e6 2. c4 b6 3. Nc3 Bb7 4. e4 Bb4 5. Bd3 Bxc3 6. dxc3 d6 7. e5 Nd7 8.
exd6 cxd6 9. O-O Ngf6 10. Bg5 h6 11. Bh4 e5 12. Bf5 Qc7 13. Re1 g6 14. Bc2 O-O
15. b3 Rae8 16. Qd2 Kg7 17. Rad1 Re6 18. Bxf6+ Nxf6 19. Nh4 Nh5 20. Be4 Bxe4
21. Rxe4 Nf4 22. Nf3 Qc6 23. Rxf4 exf4 24. Nd4 Qe8 25. Nxe6+ Qxe6 26. Qxd6 Qxd6
27. Rxd6 Re8 28. Kf1 Re7 29. Rc6 Rd7 30. c5 bxc5 31. Rxc5 g5 32. h3 Kg6 33. a4
h5 34. b4 g4 35. hxg4 hxg4 36. a5 Rd1+ 37. Ke2 Rc1 38. Rc4 Rc2+ 39. Ke1 Kg5 40.
b5 g3 41. fxg3 fxg3 42. b6 axb6 43. axb6 Rxg2 44. Kf1 1-0

[Event "Rusia tch 2011"]
[Site "Olginka RUS"]
[Date "2011.04.21"]
[Round "9.23"]
[White "Zolotukhin, Valery"]
[Black "Giri, Anish"]
[Result "0-1"]
[WhiteElo "2338"]
[BlackElo "2690"]
[PlyCount "108"]
[EventDate "2011.04.12"]
[EventType "team"]
[EventRounds "11"]
[EventCountry "RUS"]
[Source "lmi"]
[SourceDate "2011.04.12"]
[WhiteTeamCountry "RUS"]
[BlackTeamCountry "RUS"]

1. e4 c5 2. Nf3 d6 3. d4 cxd4 4. Nxd4 Nf6 5. Nc3 a6 6. Be3 e5 7. Nf3 Be7 8. Bc4
O-O 9. Qe2 Qc7 10. O-O Be6 11. Bb3 b5 12. Rfd1 Nbd7 13. Bg5 Rfc8 14. Rac1 Bc4
15. Bxc4 Qxc4 16. Qxc4 Rxc4 17. Nd2 Rc7 18. Nf1 h6 19. Bxf6 Nxf6 20. Ne3 Rc6
21. Ncd5 Nxd5 22. Rxd5 Bg5 23. c3 Bxe3 24. fxe3 Kf8 25. Rcd1 Ke7 26. Kf2 h5 27.
Ke2 Ke6 28. R1d2 Rb8 29. a3 Rbb6 30. Rd1 Rc4 31. Kf3 g6 32. R5d2 a5 33. Re1 h4
34. h3 Ra6 35. Red1 f5 36. exf5+ gxf5 37. g3 hxg3 38. Kxg3 b4 39. cxb4 axb4 40.
axb4 Rxb4 41. Rb1 Rab6 42. Kf2 Rh4 43. Kg3 Re4 44. Rd3 d5 45. Kf3 Reb4 46. Rd2
Rh4 47. Kg3 Re4 48. Rd3 Rxe3+ 49. Rxe3 f4+ 50. Kf3 fxe3 51. b4 d4 52. b5 Kd5
53. h4 Rf6+ 54. Kg2 e2 0-1

[Event "Rusia tch 2011"]
[Site "Olginka RUS"]
[Date "2011.04.21"]
[Round "9.31"]
[White "Ponomariov, Ruslan"]
[Black "Romanov, Evgeny"]
[Result "1/2-1/2"]
[WhiteElo "2743"]
[BlackElo "2624"]
[PlyCount "106"]
[EventDate "2011.04.12"]
[EventType "team"]
[EventRounds "11"]
[EventCountry "RUS"]
[Source "lmi"]
[SourceDate "2011.04.12"]
[WhiteTeamCountry "RUS"]
[BlackTeamCountry "RUS"]

1. d4 d5 2. c4 c6 3. Nc3 Nf6 4. e3 a6 5. Nf3 b5 6. c5 g6 7. Ne5 Bg7 8. f4 O-O
9. Be2 Qc7 10. Bf3 a5 11. a3 Be6 12. g4 Nbd7 13. Nd3 Qb7 14. Nf2 b4 15. Na4
Rad8 16. Bd2 Qb5 17. Be2 Qb7 18. Bd3 Nb8 19. axb4 axb4 20. O-O Ne4 21. Nxe4
dxe4 22. Bxe4 f5 23. Bf3 Na6 24. gxf5 gxf5 25. Kh1 Kh8 26. Nb6 b3 27. Qe2 Nc7
28. Ra5 Rf6 29. Rg1 Bf7 30. Rg3 Rg6 31. Rxg6 hxg6 32. Qg2 Nd5 33. Nxd5 Rxd5 34.
Kg1 Kh7 35. Qh3+ Kg8 36. Bc3 Qc8 37. Kf2 Bf6 38. Bxd5 Bxd5 39. Qh6 Kf7 40. Qh7+
Bg7 41. Ra1 Qe6 42. Rg1 Kf8 43. Rxg6 Bf6 44. Qh6+ Ke8 45. Rxf6 exf6 46. Qg6+
Ke7 47. Qg7+ Ke8 48. Qg6+ Ke7 49. Qh7+ Ke8 50. Qh8+ Kf7 51. Qh7+ Ke8 52. Qh5+
Ke7 53. Qh7+ Ke8 1/2-1/2

[Event "Rusia tch 2011"]
[Site "Olginka RUS"]
[Date "2011.04.21"]
[Round "9.43"]
[White "Vysochin, Spartak"]
[Black "Efimenko, Zahar"]
[Result "1/2-1/2"]
[WhiteElo "2526"]
[BlackElo "2708"]
[PlyCount "36"]
[EventDate "2011.04.12"]
[EventType "team"]
[EventRounds "11"]
[EventCountry "RUS"]
[Source "lmi"]
[SourceDate "2011.04.12"]
[WhiteTeamCountry "RUS"]
[BlackTeamCountry "RUS"]

1. e4 e5 2. Nf3 Nc6 3. Bb5 Nf6 4. O-O Nxe4 5. Re1 Nd6 6. Nxe5 Be7 7. Bf1 Nxe5
8. Rxe5 O-O 9. d4 Bf6 10. Re1 Re8 11. c3 Rxe1 12. Qxe1 Qe8 13. Qxe8+ Nxe8 14.
Bd3 d5 15. Bf4 Be7 16. Nd2 Bd6 17. Re1 Be6 18. Bxd6 Nxd6 1/2-1/2

[Event "Rusia tch 2011"]
[Site "Olginka RUS"]
[Date "2011.04.21"]
[Round "9.44"]
[White "Zvjaginsev, Vadim"]
[Black "Airapetian, Gor"]
[Result "1-0"]
[WhiteElo "2663"]
[BlackElo "2460"]
[PlyCount "71"]
[EventDate "2011.04.12"]
[EventType "team"]
[EventRounds "11"]
[EventCountry "RUS"]
[Source "lmi"]
[SourceDate "2011.04.12"]
[WhiteTeamCountry "RUS"]
[BlackTeamCountry "RUS"]

1. e4 c6 2. Nc3 d5 3. Qe2 dxe4 4. Nxe4 Bf5 5. d3 e6 6. g4 Bxe4 7. dxe4 Nd7 8.
Bd2 e5 9. O-O-O Qc7 10. g5 Bd6 11. Bh3 Rd8 12. f4 Ne7 13. f5 O-O 14. Nf3 Nc5
15. Rhg1 Qb6 16. Qe3 Na4 17. Qb3 Qxb3 18. axb3 Nc5 19. Rge1 Rfe8 20. Be3 b6 21.
b4 Nb7 22. c3 Bc7 23. f6 Ng6 24. Bd7 Rf8 25. Bxc6 Nd6 26. Kc2 Nc4 27. Bc1 Rxd1
28. Rxd1 Rd8 29. Bd5 Nd6 30. h4 h5 31. gxh6 gxf6 32. Rg1 Kh7 33. Bxf7 Nxf7 34.
h5 Nfh8 35. hxg6+ Nxg6 36. Nh4 1-0

[Event "Rusia tch 2011"]
[Site "Olginka RUS"]
[Date "2011.04.21"]
[Round "9.64"]
[White "Smirnov, Pavel"]
[Black "Alekseev, Evgeny"]
[Result "1/2-1/2"]
[WhiteElo "2539"]
[BlackElo "2688"]
[PlyCount "35"]
[EventDate "2011.04.12"]
[EventType "team"]
[EventRounds "11"]
[EventCountry "RUS"]
[Source "lmi"]
[SourceDate "2011.04.12"]
[WhiteTeamCountry "RUS"]
[BlackTeamCountry "RUS"]

1. c4 Nf6 2. Nc3 e6 3. e4 c5 4. e5 Ng8 5. Nf3 Nc6 6. d4 cxd4 7. Nxd4 Nxe5 8.
Ndb5 a6 9. Nd6+ Bxd6 10. Qxd6 f6 11. Be3 Ne7 12. Bb6 Nf5 13. Qb4 Qe7 14. Qxe7+
Kxe7 15. O-O-O d6 16. f4 Nd7 17. Bc7 b6 18. Ne4 1/2-1/2

[Event "Rusia tch 2011"]
[Site "Olginka RUS"]
[Date "2011.04.22"]
[Round "10.12"]
[White "Malaniuk, Vladimir P"]
[Black "Malakhov, Vladimir"]
[Result "0-1"]
[WhiteElo "2494"]
[BlackElo "2714"]
[PlyCount "74"]
[EventDate "2011.04.12"]
[EventType "team"]
[EventRounds "11"]
[EventCountry "RUS"]
[Source "lmi"]
[SourceDate "2011.04.12"]
[WhiteTeamCountry "RUS"]
[BlackTeamCountry "RUS"]

1. d4 Nf6 2. c4 e6 3. Nf3 c5 4. d5 d6 5. Nc3 exd5 6. cxd5 a6 7. a4 g6 8. e4 Bg7
9. h3 O-O 10. Bd3 Re8 11. O-O Nh5 12. Bg5 Bf6 13. Be3 Nd7 14. Qd2 Ne5 15. Be2
Nxf3+ 16. Bxf3 Ng7 17. Bf4 Qc7 18. Rab1 Bd7 19. Rfc1 b5 20. b4 c4 21. axb5 axb5
22. Ra1 Rxa1 23. Rxa1 Rb8 24. Bg4 Bxg4 25. hxg4 Qe7 26. f3 g5 27. Be3 h5 28.
Ra7 Qd8 29. Bd4 hxg4 30. fxg4 Ne8 31. Qe3 Bxd4 32. Qxd4 Nf6 33. Qf2 Nd7 34. Ra5
Ne5 35. Qf5 Kg7 36. Nxb5 c3 37. Nxc3 Qb6+ 0-1

[Event "Rusia tch 2011"]
[Site "Olginka RUS"]
[Date "2011.04.22"]
[Round "10.25"]
[White "Pogosian, Georgy"]
[Black "Moiseenko, Alexander"]
[Result "0-1"]
[WhiteElo "2157"]
[BlackElo "2673"]
[PlyCount "72"]
[EventDate "2011.04.12"]
[EventType "team"]
[EventRounds "11"]
[EventCountry "RUS"]
[Source "lmi"]
[SourceDate "2011.04.12"]
[WhiteTeam "Rusia"]
[WhiteTeamCountry "RUS"]
[BlackTeamCountry "RUS"]

1. d4 Nf6 2. c4 e6 3. Nc3 Bb4 4. e3 O-O 5. Nge2 Re8 6. a3 Bf8 7. g3 d5 8. cxd5
exd5 9. Bg2 a5 10. O-O Na6 11. Qc2 c6 12. Bd2 Nc7 13. Rad1 Ne6 14. Bc1 b6 15.
e4 dxe4 16. Nxe4 Ba6 17. Rfe1 Rc8 18. Nxf6+ Qxf6 19. Be3 h6 20. Qb3 c5 21. d5
Nd4 22. Nxd4 cxd4 23. Bf4 g5 24. Bd2 Be2 25. Rc1 d3 26. Qb5 Bc5 27. Rxc5 bxc5
28. Qxa5 Qxb2 29. Bc3 Qc2 30. d6 Bg4 31. Rxe8+ Rxe8 32. Bc6 Bh3 33. Bxe8 Qd1+
34. Be1 Qe2 35. Bxf7+ Kxf7 36. Qc7+ Kg6 0-1

[Event "Rusia tch 2011"]
[Site "Olginka RUS"]
[Date "2011.04.22"]
[Round "10.33"]
[White "Movsesian, Sergei"]
[Black "Kokarev, Dmitry"]
[Result "1/2-1/2"]
[WhiteElo "2716"]
[BlackElo "2576"]
[PlyCount "106"]
[EventDate "2011.04.12"]
[EventType "team"]
[EventRounds "11"]
[EventCountry "RUS"]
[Source "lmi"]
[SourceDate "2011.04.12"]
[WhiteTeamCountry "RUS"]
[BlackTeamCountry "RUS"]

1. e4 c5 2. Nf3 d6 3. d4 cxd4 4. Nxd4 Nf6 5. Nc3 a6 6. g3 e5 7. Nb3 Be7 8. a4
Nc6 9. Bg2 Bg4 10. Qd2 Na5 11. Nxa5 Qxa5 12. O-O Rc8 13. h3 Be6 14. Rd1 Rc4 15.
Qe1 O-O 16. Bd2 Qc7 17. a5 h6 18. Kh2 Rc8 19. Be3 Qb8 20. Rd3 d5 21. exd5 Bf5
22. Rdd1 Bb4 23. Bd2 Bxc2 24. Rdc1 Bf5 25. Na4 Bxd2 26. Qxd2 Rd4 27. Rxc8+ Bxc8
28. Qe2 Nxd5 29. Nc5 Be6 30. Rd1 Qc8 31. Rxd4 exd4 32. Nxe6 Qxe6 33. Qc4 Nf4
34. Qxe6 Nxe6 35. Bxb7 Nc5 36. Bc8 d3 37. b4 h5 38. Bf5 d2 39. Bc2 Nd3 40. b5
Nb4 41. Bd1 axb5 42. Kg2 h4 43. Kf3 hxg3 44. fxg3 Kf8 45. Ke3 Ke7 46. Kxd2 Kd6
47. Kc3 Nc6 48. a6 Kc7 49. Bf3 Kb6 50. Bxc6 Kxc6 51. Kb4 Kb6 52. a7 Kxa7 53.
Kxb5 Kb7 1/2-1/2

[Event "Rusia tch 2011"]
[Site "Olginka RUS"]
[Date "2011.04.22"]
[Round "10.34"]
[White "Kryakvin, Dmitry"]
[Black "Efimenko, Zahar"]
[Result "0-1"]
[WhiteElo "2573"]
[BlackElo "2708"]
[PlyCount "126"]
[EventDate "2011.04.12"]
[EventType "team"]
[EventRounds "11"]
[EventCountry "RUS"]
[Source "lmi"]
[SourceDate "2011.04.12"]
[WhiteTeamCountry "RUS"]
[BlackTeamCountry "RUS"]

1. d4 Nf6 2. c4 e6 3. Nf3 b6 4. g3 Bb7 5. Bg2 Be7 6. O-O O-O 7. Nc3 Ne4 8. Nxe4
Bxe4 9. Ne1 Bxg2 10. Nxg2 c5 11. d5 exd5 12. cxd5 d6 13. Bd2 Nd7 14. Qc2 Re8
15. e4 b5 16. Ne3 Bf8 17. b3 Rc8 18. a4 a6 19. axb5 axb5 20. Bc3 Qb6 21. Kg2
Ne5 22. Rab1 Nd7 23. Bb2 Be7 24. Nf5 Bf6 25. Bxf6 Nxf6 26. f3 g6 27. Qd2 Qd8
28. Ne3 Qe7 29. Qd3 Ra8 30. Ra1 Qe5 31. Rxa8 Rxa8 32. Rf2 Ra5 33. Nc2 h5 34.
Re2 h4 35. f4 Qh5 36. Qf3 h3+ 37. Kf2 Ng4+ 38. Kg1 Ra2 39. Ne1 Ra1 40. e5 dxe5
41. fxe5 Qf5 42. Qc3 Ra8 43. d6 Rc8 44. Qd3 c4 45. bxc4 bxc4 46. Qd4 Qe6 47.
Re4 Nh6 48. g4 c3 49. Nc2 Qb3 50. Qd3 Qb6+ 51. Kf1 Qb7 52. Kg1 Re8 53. Qe2 Kg7
54. Kf2 Ra8 55. Kg3 Qd5 56. Kxh3 Ra2 57. Kg3 Qb3 58. d7 Rxc2 59. Qf3 Rd2 60. e6
fxe6 61. Rxe6 Qb8+ 62. Kh4 Rxh2+ 63. Kg5 Nf7+ 0-1

[Event "Rusia tch 2011"]
[Site "Olginka RUS"]
[Date "2011.04.22"]
[Round "10.36"]
[White "Vokarev, Sergey"]
[Black "Matlakov, Maxim"]
[Result "1/2-1/2"]
[WhiteElo "2455"]
[BlackElo "2625"]
[PlyCount "120"]
[EventDate "2011.04.12"]
[EventType "team"]
[EventRounds "11"]
[EventCountry "RUS"]
[Source "lmi"]
[SourceDate "2011.04.12"]
[WhiteTeamCountry "RUS"]
[BlackTeamCountry "RUS"]

1. e4 c5 2. Nf3 e6 3. d4 cxd4 4. Nxd4 Nc6 5. Nb5 d6 6. Bf4 e5 7. Be3 a6 8. N5c3
Nf6 9. Bg5 Be7 10. Bxf6 Bxf6 11. Nd2 Be6 12. Nc4 Nd4 13. Ne3 Rc8 14. Bd3 Bg5
15. Ncd5 O-O 16. c3 Nc6 17. O-O g6 18. Kh1 Kh8 19. Bc2 Bh6 20. Qe2 Bxe3 21.
Nxe3 Qb6 22. Bd3 Ne7 23. Rfd1 Rfd8 24. Rd2 f6 25. Bc4 Bxc4 26. Nxc4 Qc6 27. Na5
Qc7 28. Nb3 Rd7 29. Rad1 b5 30. a3 Rcd8 31. Na1 d5 32. exd5 Nxd5 33. Nc2 Nf4
34. Rxd7 Rxd7 35. Rxd7 Qxd7 36. Qe1 Kg7 37. Ne3 Qd3 38. Kg1 Ne2+ 39. Kh1 f5 40.
Qd1 Qxd1+ 41. Nxd1 f4 42. f3 Kf6 43. Nf2 Ke6 44. Ne4 Kd5 45. b3 a5 46. Nf6+ Ke6
47. Ne4 Kd5 48. Nf6+ Kc6 49. Ne4 Nc1 50. b4 a4 51. c4 bxc4 52. Nc3 Nd3 53. Nxa4
e4 54. fxe4 Nf2+ 55. Kg1 Nxe4 56. Nb2 Kb5 57. Kf1 Nd2+ 58. Ke2 Nb1 59. Nxc4
Kxc4 60. Kf3 Nxa3 1/2-1/2

[Event "Rusia tch 2011"]
[Site "Olginka RUS"]
[Date "2011.04.22"]
[Round "10.41"]
[White "Romanov, Evgeny"]
[Black "Frolyanov, Dmitry"]
[Result "1/2-1/2"]
[WhiteElo "2624"]
[BlackElo "2610"]
[PlyCount "111"]
[EventDate "2011.04.12"]
[EventType "team"]
[EventRounds "11"]
[EventCountry "RUS"]
[Source "lmi"]
[SourceDate "2011.04.12"]
[WhiteTeamCountry "RUS"]
[BlackTeamCountry "RUS"]

1. c4 e6 2. g3 d5 3. Bg2 Nf6 4. Nf3 dxc4 5. Qa4+ c6 6. Qxc4 b5 7. Qb3 Bb7 8. a4
b4 9. d3 c5 10. a5 Be7 11. O-O O-O 12. Nbd2 Na6 13. Nc4 Rc8 14. e4 Nc7 15. Be3
Ba6 16. Rfd1 Nb5 17. Bh3 Nd7 18. Rac1 Re8 19. Qa4 h6 20. Bf1 Bf8 21. d4 cxd4
22. Nxd4 Nc5 23. Qa2 Nxd4 24. Rxd4 Qf6 25. e5 Qf3 26. Bg2 Qe2 27. Bf1 Qf3 28.
Bg2 Qe2 29. Rd2 Bxc4 30. Qxc4 Qxc4 31. Rxc4 Nb3 32. Rdc2 Rxc4 33. Rxc4 Nxa5 34.
Rc7 Nb3 35. Bc6 Rd8 36. Ba4 Nd4 37. Kg2 a6 38. Bxd4 Rxd4 39. Be8 f6 40. Bf7+
Kh7 41. exf6 Bd6 42. Rb7 gxf6 43. Bxe6+ Kg6 44. h4 h5 45. Bf7+ Kh6 46. Bg8 Rd2
47. Rd7 b3 48. Bxb3 Bf4 49. Re7 Be5 50. Kf1 Bd4 51. f4 Rf2+ 52. Ke1 Rf3 53. Bc2
Re3+ 54. Rxe3 Bxe3 55. b4 Bd4 56. Bd3 1/2-1/2

[Event "Rusia tch 2011"]
[Site "Olginka RUS"]
[Date "2011.04.22"]
[Round "10.54"]
[White "Inarkiev, Ernesto"]
[Black "Riazantsev, Alexander"]
[Result "0-1"]
[WhiteElo "2674"]
[BlackElo "2679"]
[PlyCount "66"]
[EventDate "2011.04.12"]
[EventType "team"]
[EventRounds "11"]
[EventCountry "RUS"]
[Source "lmi"]
[SourceDate "2011.04.12"]
[WhiteTeamCountry "RUS"]
[BlackTeamCountry "RUS"]

1. e4 c6 2. d4 d5 3. e5 Bf5 4. Nf3 e6 5. Be2 Ne7 6. O-O c5 7. Na3 Nec6 8. c4
cxd4 9. Nb5 a6 10. Nbxd4 Be4 11. Bf4 Be7 12. cxd5 Bxd5 13. Bd3 g5 14. Bg3 g4
15. Nxc6 Nxc6 16. Ne1 h5 17. f4 gxf3 18. Nxf3 h4 19. Bf2 h3 20. Re1 Bb4 21. Re2
Rg8 22. Bg3 Qb6+ 23. Kh1 O-O-O 24. Qc2 hxg2+ 25. Kxg2 Bxf3+ 26. Kxf3 Kb8 27.
Re4 Nd4+ 28. Rxd4 Qxd4 29. Be4 Rxg3+ 30. hxg3 Qxe5 31. Rd1 Rg8 32. Rg1 f5 33.
Bd3 Bc5 0-1

[Event "Rusia tch 2011"]
[Site "Olginka RUS"]
[Date "2011.04.22"]
[Round "10.61"]
[White "Nevostrujev, Vladimir"]
[Black "Potapov, Pavel"]
[Result "0-1"]
[WhiteElo "2475"]
[BlackElo "2474"]
[PlyCount "82"]
[EventDate "2011.04.12"]
[EventType "team"]
[EventRounds "11"]
[EventCountry "RUS"]
[Source "lmi"]
[SourceDate "2011.04.12"]
[WhiteTeamCountry "RUS"]
[BlackTeamCountry "RUS"]

1. e4 c5 2. Nf3 Nc6 3. d4 cxd4 4. Nxd4 e5 5. Nb5 d6 6. c4 Be7 7. N5c3 Nf6 8.
Bd3 O-O 9. O-O Be6 10. Nd5 Nd7 11. Nxe7+ Nxe7 12. Re1 Nc5 13. Bf1 f5 14. exf5
Bxf5 15. Nc3 a6 16. Be3 Rc8 17. Qd2 Qc7 18. Rad1 Rcd8 19. Bg5 Rde8 20. Qxd6
Qxd6 21. Rxd6 Nc6 22. Be3 Ne6 23. Bb6 Ned4 24. a3 h5 25. Rd1 Be6 26. b4 Nf5 27.
R6d2 Ncd4 28. Ne4 h4 29. h3 Bd7 30. b5 axb5 31. cxb5 Be6 32. a4 Bd5 33. Re1 Re6
34. Bc7 Rc8 35. b6 Ra8 36. f4 exf4 37. Bd3 Rxa4 38. Rdd1 Ra3 39. Nf2 Ne3 40.
Ra1 Bxg2 41. Ng4 Rxd3 0-1

[Event "Rusia tch 2011"]
[Site "Olginka RUS"]
[Date "2011.04.22"]
[Round "10.64"]
[White "Belyakov, Bogdan"]
[Black "Kljucharev, Sergey"]
[Result "1-0"]
[WhiteElo "2301"]
[BlackElo "2375"]
[PlyCount "87"]
[EventDate "2011.04.12"]
[EventType "team"]
[EventRounds "11"]
[EventCountry "RUS"]
[Source "lmi"]
[SourceDate "2011.04.12"]
[WhiteTeamCountry "RUS"]
[BlackTeamCountry "RUS"]

1. e4 c5 2. Nf3 e6 3. d4 cxd4 4. Nxd4 Nf6 5. Nc3 Nc6 6. Nxc6 bxc6 7. e5 Nd5 8.
Ne4 Qa5+ 9. Bd2 Qc7 10. f4 Qb6 11. Bd3 Ba6 12. Bxa6 Qxa6 13. Qe2 Qxe2+ 14. Kxe2
f5 15. Nf2 Be7 16. c4 Nb6 17. b3 Rg8 18. h4 O-O-O 19. Be3 h6 20. g4 Rdf8 21.
Rag1 g6 22. h5 g5 23. gxf5 exf5 24. fxg5 Bxg5 25. Bxg5 hxg5 26. h6 Rg6 27. Rh5
Rh8 28. Rgxg5 Rgxh6 29. Rxh6 Rxh6 30. Rxf5 d6 31. exd6 Rxd6 32. Ne4 Rh6 33.
Rf8+ Kc7 34. Rf7+ Kb8 35. Kd3 Rh2 36. Kd4 Rxa2 37. Kc5 Nc8 38. Nd6 Nxd6 39.
Kxd6 Rb2 40. Kxc6 a5 41. Rb7+ Ka8 42. Rb5 Ra2 43. Kb6 a4 44. Rd5 1-0

[Event "Rusia tch 2011"]
[Site "Olginka RUS"]
[Date "2011.04.22"]
[Round "10.65"]
[White "Cheremnova, Tamara"]
[Black "Scerbin, Dmitrij"]
[Result "0-1"]
[WhiteElo "2221"]
[BlackElo "2349"]
[PlyCount "54"]
[EventDate "2011.04.12"]
[EventType "team"]
[EventRounds "11"]
[EventCountry "RUS"]
[Source "lmi"]
[SourceDate "2011.04.12"]
[WhiteTeam "Rusia"]
[BlackTeam "Rusia"]
[WhiteTeamCountry "RUS"]
[BlackTeamCountry "RUS"]

1. d4 d5 2. c4 c6 3. Nf3 dxc4 4. e3 Be6 5. a4 Nf6 6. Na3 Bd5 7. Nxc4 e6 8. Bd3
c5 9. Qe2 cxd4 10. exd4 Bb4+ 11. Bd2 Nc6 12. Nce5 Qa5 13. Bb5 Ne4 14. Bxb4
Qxb4+ 15. Kf1 O-O 16. Nd3 Qd6 17. h4 Ne7 18. Nde5 Nf5 19. Qd1 Rac8 20. Rh3 f6
21. Ng4 Qf4 22. Ngh2 Rc7 23. Kg1 Rfc8 24. Nf1 Rc2 25. Be2 Rxb2 26. g3 Qh6 27.
g4 Nc3 0-1

[Event "Rusia tch 2011"]
[Site "Olginka RUS"]
[Date "2011.04.23"]
[Round "11.23"]
[White "Inarkiev, Ernesto"]
[Black "Pokazanjev, Nikolai"]
[Result "1-0"]
[WhiteElo "2674"]
[BlackElo "2423"]
[PlyCount "97"]
[EventDate "2011.04.12"]
[EventType "team"]
[EventRounds "11"]
[EventCountry "RUS"]
[Source "lmi"]
[SourceDate "2011.04.12"]
[WhiteTeamCountry "RUS"]
[BlackTeamCountry "RUS"]

1. e4 e5 2. Nf3 Nc6 3. Bb5 a6 4. Ba4 Nf6 5. O-O Be7 6. d3 b5 7. Bb3 d6 8. a4
Bb7 9. Nc3 b4 10. Ne2 O-O 11. Ng3 d5 12. exd5 Nxd5 13. Re1 Re8 14. Bd2 Bf8 15.
Ng5 f6 16. Nf3 Kh8 17. a5 Qd7 18. c3 Rad8 19. Ne4 Nf4 20. Bxf4 exf4 21. Bc2 f5
22. Neg5 Rxe1+ 23. Nxe1 h6 24. Bb3 Re8 25. Nef3 g6 26. Nf7+ Kh7 27. d4 Bg7 28.
Qd2 Re7 29. N3g5+ hxg5 30. Nxg5+ Kh8 31. Qxf4 Bf6 32. Qh4+ Rh7 33. Qxh7+ Qxh7
34. Nxh7 Kxh7 35. Bd5 bxc3 36. bxc3 Nd8 37. Bxb7 Nxb7 38. Rb1 Nxa5 39. Ra1 Nc4
40. Rxa6 Nb6 41. Kf1 Kg7 42. Ke2 Kf7 43. g3 Ke7 44. Kd3 Kd6 45. c4 Kc6 46. Ra7
Nd7 47. c5 Kd5 48. Rxc7 Nb8 49. Rb7 1-0

[Event "Rusia tch 2011"]
[Site "Olginka RUS"]
[Date "2011.04.23"]
[Round "11.34"]
[White "Riazantsev, Alexander"]
[Black "Airapetian, Gor"]
[Result "1/2-1/2"]
[WhiteElo "2679"]
[BlackElo "2460"]
[PlyCount "66"]
[EventDate "2011.04.12"]
[EventType "team"]
[EventRounds "11"]
[EventCountry "RUS"]
[Source "lmi"]
[SourceDate "2011.04.12"]
[WhiteTeamCountry "RUS"]
[BlackTeamCountry "RUS"]

1. d4 d5 2. c4 c6 3. Nf3 Nf6 4. e3 a6 5. Bd3 dxc4 6. Bxc4 e6 7. O-O c5 8. Bd3
Nc6 9. Nc3 cxd4 10. exd4 Be7 11. Bg5 O-O 12. Rc1 Nb4 13. Bb1 Bd7 14. Ne5 Bc6
15. a3 Nbd5 16. Nxc6 bxc6 17. Na4 Qc7 18. Rc4 Rfc8 19. Qc2 g6 20. Bd2 Nd7 21.
Rc1 Bf6 22. b4 Ne7 23. Qe4 Nb6 24. Bf4 Qd8 25. Nxb6 Qxb6 26. Bd6 a5 27. Qf3 Nd5
28. Bc5 Qd8 29. bxa5 Rxa5 30. Be4 Rca8 31. Bb4 Nxb4 32. axb4 Ra1 33. g3 Rxc1+
1/2-1/2